000
00334nam a2200121 a 4500
001
4144
005
20140414131936.0
008
090317s19uu xx 00 eng d
050
_a
REF 940.1
_b
St3 1994
100
_a
Steele, Philip, 1948
245
_a
I wonder why castles had moats and other questions about long ago.
999
_c
112458
_d
112458